| 000 | 00750nam a2200217 4500 | ||
|---|---|---|---|
| 001 | 136580 | ||
| 003 | ES-MaACL | ||
| 005 | 20250909225254.0 | ||
| 007 | t| | ||
| 008 | 070214s1954 sp r ||||1| spa d | ||
| 100 | 1 |
_aRussell, Dora Isella. _9101037 |
|
| 245 | 1 | 0 |
_aDel alba al mediodía / _cDora Isella Russell ; con un prólogo de Ventura García Calderón ; y un epílogo de Juana de Ibarbourou. |
| 260 |
_aMadrid : _bAguilar, _c1954. |
||
| 300 |
_a468 p., 1 lám. = retr. aut. ; _c12 cm. |
||
| 490 | 1 |
_aCrisol ; _v387 |
|
| 700 | 1 |
_aGarcía Calderón, Ventura, _d1886-1959 _954317 |
|
| 700 | 1 |
_aIbarbourou, Juana de _964946 |
|
| 830 | 0 |
_aCrisol ; _v387 _9180848 |
|
| 852 |
_aES-MaACL _jC-8580 _bR.36551 |
||
| 999 |
_c136580 _d136580 |
||